ბათუმის შოთა რუსთაველის სახელმწიფო უნივერსიტეტის ბიბლიოთეკა

შესავალი ჩრდილო-კავკასიურ ენათა შედარებით გრამატიკაში / (ბიბ.ჩანაწერი № 47817)

000 -ლიდერი
ფიქსირებული სიგრძის საკონტროლო ველი 01644nam a2200277Ia 4500
001 - საკონტროლო ნომერი
საკონტროლო ველი 14691
003 - საკონტროლო ნომრის იდენტიფიკატორი
საკონტროლო ველი GE_BSU
005 - ბოლო ოპერაციის თარიღი და დრო
საკონტროლო ველი 20241119114848.0
008 - ფიქსირებული სიგრძის მონაცემთა ელემენტები - ზოგადი ინფორმაცია
ფიქსირებული სიგრძის საკონტროლო ველი 181216s2015||||ge |||||||||||||| ||geo||
020 ## - წიგნის საერთაშორისო სტანდარტული ნომერი
International Standard Book Number 9789941427398
040 ## - კატალოგიზაციის წყარო
Transcribing agency GE_BSU
041 ## - ენის კოდი
Language code of text/sound track or separate title geo
080 ## - უნივერსალური ათობითი კლასიფიკაციის ინდექსი
Universal Decimal Classification number 811.352.3 დ–55
100 ## - მთავარი ჩანაწერი - პიროვნების სახელი
Personal name დიუმეზილი, ჟორჟ
9 (RLIN) 19972
245 ## - ცნობა სათაურის შესახებ
Title შესავალი ჩრდილო-კავკასიურ ენათა შედარებით გრამატიკაში /
Statement of responsibility, etc ჟ. დიუმეზილი ; მთარგმნელი რუსუდან ჯანაშია ; რედაქტორი მერაბ ჩუხუა ; სსიპ ჩერქეზული (ადიღური) კულტურის ცენტრი.
264 ## - წარმოების, გამოცემის, დისტრიბუციის და სხვა ცნობები
გამოცემის, წარმოების, დისტრიბუციის... ადგილი თბილისი :
გამოცემის, წარმოების, დისტრიბუციის... სახელწოდება საარი,
გამოცემის, წარმოების, დისტრიბუციის... თარიღი 2015.
300 ## - ფიზიკური აღწერა
Extent 186 გვ. ;
Dimensions 20 სმ.
500 ## - ზოგადი შენიშვნა
General note თავფურცლის მე-5 გვ. ფრანგულ ენაზე
500 ## - ზოგადი შენიშვნა
General note
504 ## - BIBLIOGRAPHY, ETC. NOTE
Bibliography, etc ბიბლიოგრაფია ტექსტის შენიშვნებში
653 ## - INDEX TERM--UNCONTROLLED
Uncontrolled term შესავალი ჩრდილო-კავკასიურ ენათა შედარებით გრამატიკაში
700 ## - ADDED ENTRY--PERSONAL NAME
Personal name ჯანაშია, რ. (რუსუდან)
Relator term მთარგმნელი
9 (RLIN) 23733
700 ## - ADDED ENTRY--PERSONAL NAME
Personal name ჩუხუა, მ. (მერაბ)
Relator term რედაქტორი
9 (RLIN) 23734
710 ## - ADDED ENTRY--CORPORATE NAME
Corporate name or jurisdiction name as entry element ჩერქეზული (ადიღური) კულტურის ცენტრი
9 (RLIN) 18346
942 ## - ADDED ENTRY ELEMENTS (KOHA)
Koha item type წიგნი
Source of classification or shelving scheme
ეგზემპლარები
ჩამოწერის სტატუსი დაკარგული ეგზემპლარის სტატუსი კლასიფიკაციის წყარო ან თაროზე გაწყობის სქემა დაზიანების სტატუსი არ გაიცემა მუდმივი მდებარეობა (დაცვის ადგილი) ამჟამინდელი ადგილსამყოფელი თაროზე განთავსების ადგილი შეძენის თარიღი სრული შენახვის შიფრი შტრიხკოდი ბოლო ოპერაციის თარიღი ეგზემპლარის მიმდევრობითი ნომერი (კეტერი?) ფასის ძალაში შესვლის თარიღი ეგზემპლარის სახეობა
          ბათუმის შოთა რუსთაველის სახელმწიფო უნივერსიტეტის მთავარი ბიბლიოთეკა ბათუმის შოთა რუსთაველის სახელმწიფო უნივერსიტეტის მთავარი ბიბლიოთეკა წიგნსაცავი 2018-12-17 811.352.3 დ–55 27444 2018-12-17 27444 2018-12-17 წიგნი
          ბათუმის შოთა რუსთაველის სახელმწიფო უნივერსიტეტის მთავარი ბიბლიოთეკა ბათუმის შოთა რუსთაველის სახელმწიფო უნივერსიტეტის მთავარი ბიბლიოთეკა წიგნსაცავი 2018-12-17 811.352.3 დ–55 27445 2018-12-17 27445 2018-12-17 წიგნი
          ბათუმის შოთა რუსთაველის სახელმწიფო უნივერსიტეტის მთავარი ბიბლიოთეკა ბათუმის შოთა რუსთაველის სახელმწიფო უნივერსიტეტის მთავარი ბიბლიოთეკა წიგნსაცავი 2018-12-17 811.352.3 დ–55 27446 2018-12-17 27446 2018-12-17 წიგნი